[Event "B"]
[Site "?"]
[Date "2017.08.05"]
[Round "5.2"]
[White "Businski, Karol"]
[Black "Kutylo, Konrad"]
[Result "1-0"]
[BlackElo "1422"]
[WhiteElo "1401"]
[LiveChessVersion "1.4.8"]

1. e4 {[%clk 1:00:58]} e6 {[%clk 1:00:53]} 2. d3 {[%clk 1:01:24]} d5
{[%clk 1:00:35]} 3. Nd2 {[%clk 1:01:52]} Nf6 {[%clk 1:00:29]} 4. e5
{[%clk 0:57:33]} Nfd7 {[%clk 1:00:44]} 5. Ngf3 {[%clk 0:58:00]} c5
{[%clk 1:00:44]} 6. g3 {[%clk 0:53:47]} Nc6 {[%clk 1:00:39]} 7. Qe2
{[%clk 0:54:03]} Qc7 {[%clk 1:00:36]} 8. Bg2 {[%clk 0:51:29]} Ndxe5
{[%clk 0:58:15]} 9. O-O {[%clk 0:51:56]} Ng6 {[%clk 0:58:11]} 10. Re1
{[%clk 0:52:00]} Bd6 {[%clk 0:56:45]} 11. Nf1 {[%clk 0:52:00]} O-O
{[%clk 0:56:44]} 12. h4 {[%clk 0:50:55]} Bd7 {[%clk 0:56:23]} 13. N1h2
{[%clk 0:48:39]} Rae8 {[%clk 0:49:16]} 14. h5 {[%clk 0:48:57]} Nge5
{[%clk 0:48:51]} 15. Nxe5 {[%clk 0:46:13]} Nxe5 {[%clk 0:48:39]} 16. f4
{[%clk 0:46:41]} Nc6 {[%clk 0:48:27]} 17. c3 {[%clk 0:35:52]} e5 {[%clk 0:34:41]}
18. Qf3 {[%clk 0:33:24]} exf4 {[%clk 0:32:21]} 19. Bxf4 {[%clk 0:31:33]} Bxf4
{[%clk 0:30:20]} 20. gxf4 {[%clk 0:31:55]} d4 {[%clk 0:29:51]} 21. Kf2
{[%clk 0:19:37]} Qd6 {[%clk 0:28:51]} 22. Qg3 {[%clk 0:10:29]} Qf6
{[%clk 0:27:29]} 23. c4 {[%clk 0:06:53]} Qf5 {[%clk 0:23:32]} 24. Be4
{[%clk 0:05:14]} Qh3 {[%clk 0:19:34]} 25. Qxh3 {[%clk 0:04:24]} Bxh3
{[%clk 0:19:51]} 26. f5 {[%clk 0:04:53]} Nb4 {[%clk 0:16:27]} 27. Kg3
{[%clk 0:04:03]} Nc2 {[%clk 0:15:54]} 28. Kxh3 {[%clk 0:04:31]} Nxa1
{[%clk 0:15:25]} 29. Rxa1 {[%clk 0:04:59]} b6 {[%clk 0:15:31]} 30. Ng4
{[%clk 0:05:23]} Rc8 {[%clk 0:14:14]} 31. Rg1 {[%clk 0:04:54]} Rfe8
{[%clk 0:13:51]} 32. Nf6+ {[%clk 0:05:19]} dxc3 1-0

[Event "B"]
[Site "?"]
[Date "2017.08.05"]
[Round "5.3"]
[White "Sivickis, Wiktoria"]
[Black "Misiuk, Monika"]
[Result "1/2-1/2"]
[BlackElo "1190"]
[WhiteElo "1456"]
[LiveChessVersion "1.4.8"]

1. d4 {[%clk 1:00:57]} d5 {[%clk 1:00:51]} 2. c4 {[%clk 1:01:22]} c6
{[%clk 1:01:14]} 3. cxd5 {[%clk 1:01:46]} cxd5 {[%clk 1:01:36]} 4. Nc3
{[%clk 1:02:11]} Nf6 {[%clk 1:01:47]} 5. Bf4 {[%clk 1:02:33]} Bf5
{[%clk 1:01:46]} 6. e3 {[%clk 1:02:15]} e6 {[%clk 1:01:42]} 7. Qb3
{[%clk 1:02:14]} Qb6 {[%clk 0:57:52]} 8. Bb5+ {[%clk 0:57:14]} Nc6
{[%clk 0:57:30]} 9. Nf3 {[%clk 0:56:44]} a6 {[%clk 0:53:51]} 10. Bxc6+
{[%clk 0:56:51]} Qxc6 {[%clk 0:53:53]} 11. Ne5 {[%clk 0:56:58]} Qc8
{[%clk 0:53:42]} 12. Na4 {[%clk 0:56:37]} Bc2 {[%clk 0:43:54]} 13. Nb6
{[%clk 0:50:44]} Bxb3 {[%clk 0:43:58]} 14. Nxc8 {[%clk 0:51:05]} Bb4+
{[%clk 0:43:38]} 15. Ke2 {[%clk 0:50:58]} Rxc8 {[%clk 0:43:34]} 16. axb3
{[%clk 0:50:52]} Rc2+ {[%clk 0:43:22]} 17. Kf3 {[%clk 0:51:06]} O-O
{[%clk 0:43:21]} 18. Nd3 {[%clk 0:51:02]} Ne4 {[%clk 0:42:48]} 19. Nxb4
{[%clk 0:45:57]} Rxf2+ {[%clk 0:42:42]} 20. Kg4 {[%clk 0:46:20]} Rxb2
{[%clk 0:42:19]} 21. Rhb1 {[%clk 0:42:47]} Rxg2+ {[%clk 0:35:33]} 1/2-1/2

[Event "B"]
[Site "?"]
[Date "2017.08.05"]
[Round "5.4"]
[White "Olkuski, Tadeusz"]
[Black "Pojawa, Jakub"]
[Result "1/2-1/2"]
[BlackElo "1096"]
[WhiteElo "1346"]
[LiveChessVersion "1.4.8"]

1. e4 {[%clk 1:00:59]} e6 {[%clk 1:00:41]} 2. d4 {[%clk 1:01:24]} d5
{[%clk 1:01:07]} 3. e5 {[%clk 1:01:48]} c5 {[%clk 1:01:27]} 4. c3
{[%clk 1:02:13]} Nc6 {[%clk 1:01:50]} 5. Nf3 {[%clk 1:02:27]} Qb6
{[%clk 1:01:38]} 6. Qb3 {[%clk 1:00:39]} Qxb3 {[%clk 1:01:42]} 7. axb3
{[%clk 1:01:02]} cxd4 {[%clk 1:01:49]} 8. cxd4 {[%clk 1:01:13]} Bb4+
{[%clk 1:01:43]} 9. Bd2 {[%clk 0:58:21]} Bd7 {[%clk 0:56:56]} 10. Bxb4
{[%clk 0:52:35]} Nxb4 {[%clk 0:57:19]} 11. Kd2 {[%clk 0:52:37]} a6
{[%clk 0:56:51]} 12. Nc3 {[%clk 0:52:47]} Rc8 {[%clk 0:56:38]} 13. Rc1
{[%clk 0:49:27]} Ne7 {[%clk 0:56:08]} 14. g4 {[%clk 0:47:09]} h6 {[%clk 0:55:34]}
15. Be2 {[%clk 0:46:07]} O-O {[%clk 0:54:56]} 16. Na4 {[%clk 0:41:00]} Bxa4
{[%clk 0:54:11]} 17. bxa4 {[%clk 0:40:47]} Nbc6 {[%clk 0:53:22]} 18. Rc2
{[%clk 0:36:26]} Na5 {[%clk 0:53:22]} 19. Rc3 {[%clk 0:32:12]} Rxc3
{[%clk 0:53:37]} 20. bxc3 {[%clk 0:30:20]} Rc8 {[%clk 0:52:44]} 21. Rb1
{[%clk 0:30:32]} Ng6 {[%clk 0:52:25]} 22. Ne1 {[%clk 0:27:02]} Nf4
{[%clk 0:52:23]} 23. Bf1 {[%clk 0:26:47]} Rc7 {[%clk 0:50:58]} 24. Nc2
{[%clk 0:26:27]} Ng6 {[%clk 0:50:01]} 25. Ne3 {[%clk 0:23:39]} Nh4
{[%clk 0:49:24]} 26. Be2 {[%clk 0:23:49]} Ng6 {[%clk 0:49:05]} 27. Nc2
{[%clk 0:21:38]} Nf4 {[%clk 0:48:56]} 28. Bf1 {[%clk 0:21:44]} Kf8
{[%clk 0:44:41]} 29. Na1 {[%clk 0:21:33]} Ng6 {[%clk 0:43:50]} 30. Nb3
{[%clk 0:21:57]} Nxb3+ {[%clk 0:44:13]} 31. Rxb3 {[%clk 0:22:17]} Ke8
{[%clk 0:42:52]} 32. Ke3 {[%clk 0:22:32]} Kd8 {[%clk 0:42:28]} 33. f4
{[%clk 0:21:40]} Kc8 {[%clk 0:41:28]} 34. f5 {[%clk 0:21:36]} exf5
{[%clk 0:34:50]} 35. gxf5 {[%clk 0:21:56]} Nh4 {[%clk 0:32:25]} 36. Bh3
{[%clk 0:16:35]} Kb8 {[%clk 0:31:45]} 37. Kf4 {[%clk 0:16:34]} g6
{[%clk 0:30:57]} 38. f6 {[%clk 0:14:46]} h5 39. Bf1 {[%clk 0:13:45]} Ka7
{[%clk 0:25:40]} 40. a5 {[%clk 0:13:36]} g5+ {[%clk 0:22:57]} 41. Ke3
{[%clk 0:12:36]} g4 {[%clk 0:20:07]} 42. Be2 {[%clk 0:08:55]} Ng2+
{[%clk 0:19:14]} 43. Kf2 {[%clk 0:09:04]} Nf4 {[%clk 0:19:29]} 44. Bf1
{[%clk 0:08:38]} h4 {[%clk 0:16:13]} 45. Ke3 {[%clk 0:08:43]} Nh5
{[%clk 0:13:51]} 46. Bg2 {[%clk 0:08:47]} h3 {[%clk 0:12:43]} 47. Bxd5
{[%clk 0:08:51]} g3 {[%clk 0:12:40]} 48. hxg3 {[%clk 0:08:05]} Nxg3
{[%clk 0:11:55]} 49. Kf2 {[%clk 0:07:10]} Nh5 {[%clk 0:10:02]} 50. Kg1
{[%clk 0:06:30]} Nf4 {[%clk 0:09:47]} 51. Bf3 {[%clk 0:06:09]} Nd3
{[%clk 0:08:28]} 52. Kh2 {[%clk 0:05:37]} Ne1 {[%clk 0:05:04]} 53. Be4
{[%clk 0:05:13]} Ng2 {[%clk 0:04:03]} 54. Bxg2 {[%clk 0:04:50]} hxg2
{[%clk 0:04:27]} 55. Kxg2 {[%clk 0:05:16]} Rc4 {[%clk 0:04:39]} 56. Ra3
{[%clk 0:05:24]} b6 {[%clk 0:03:57]} 57. axb6+ {[%clk 0:05:43]} Kxb6
{[%clk 0:04:25]} 58. Kf3 {[%clk 0:05:55]} a5 {[%clk 0:04:20]} 59. Ke4
{[%clk 0:06:07]} Kb5 {[%clk 0:03:54]} 60. Kd3 {[%clk 0:06:16]} Rc7
{[%clk 0:04:02]} 61. d5 {[%clk 0:05:32]} Rc5 {[%clk 0:03:16]} 62. Ke4
{[%clk 0:03:07]} Rc4+ {[%clk 0:03:16]} 63. Kf5 {[%clk 0:03:14]} Rc5
{[%clk 0:03:25]} 64. Ke4 {[%clk 0:02:20]} Rc4+ {[%clk 0:03:42]} 65. Kd3
{[%clk 0:02:39]} Rc5 {[%clk 0:04:04]} 66. Rb3+ {[%clk 0:02:41]} Ka4
{[%clk 0:04:13]} 67. Kd4 {[%clk 0:02:41]} Rc4+ {[%clk 0:03:47]} 68. Kxc4
{[%clk 0:01:24]} 1/2-1/2

[Event "B"]
[Site "?"]
[Date "2017.08.05"]
[Round "6.1"]
[White "Tomicki, Marek"]
[Black "Kutylo, Konrad"]
[Result "1/2-1/2"]
[BlackElo "1422"]
[WhiteElo "1649"]
[LiveChessVersion "1.4.8"]

1. d4 {[%clk 1:00:57]} d5 {[%clk 1:00:53]} 2. e3 {[%clk 1:01:17]} Nf6
{[%clk 1:01:07]} 3. c4 {[%clk 1:01:21]} e6 {[%clk 1:01:23]} 4. Nf3
{[%clk 1:00:52]} Bd6 {[%clk 1:01:05]} 5. Be2 {[%clk 0:59:58]} c6 {[%clk 1:00:43]}
6. O-O {[%clk 1:00:00]} Nbd7 {[%clk 1:00:04]} 7. Nc3 {[%clk 0:59:04]} Qc7
{[%clk 0:59:56]} 8. c5 {[%clk 0:57:14]} Be7 {[%clk 1:00:05]} 9. b4
{[%clk 0:56:45]} b6 {[%clk 0:59:43]} 10. a4 {[%clk 0:56:17]} O-O {[%clk 0:55:40]}
11. Ba3 {[%clk 0:52:31]} Bb7 {[%clk 0:51:01]} 12. Qd3 {[%clk 0:39:57]} Rfe8
{[%clk 0:47:11]} 13. Rfc1 {[%clk 0:39:01]} e5 {[%clk 0:42:46]} 14. dxe5
{[%clk 0:38:07]} Nxe5 {[%clk 0:42:30]} 15. Nxe5 {[%clk 0:38:05]} Qxe5
{[%clk 0:42:28]} 16. Qd4 {[%clk 0:27:56]} Qxd4 {[%clk 0:40:07]} 17. exd4
{[%clk 0:28:21]} Bf8 {[%clk 0:38:05]} 18. Bf3 {[%clk 0:25:16]} g6
{[%clk 0:35:33]} 19. cxb6 {[%clk 0:22:49]} axb6 {[%clk 0:35:46]} 20. Re1
{[%clk 0:18:23]} Bh6 {[%clk 0:25:21]} 21. Rxe8+ {[%clk 0:18:19]} Rxe8
{[%clk 0:22:48]} 22. b5 {[%clk 0:16:13]} Bd2 {[%clk 0:21:26]} 23. Bb2
{[%clk 0:15:50]} Re1+ {[%clk 0:18:06]} 24. Rxe1 {[%clk 0:16:18]} Bxe1
{[%clk 0:18:17]} 25. Kf1 {[%clk 0:16:38]} Bxc3 {[%clk 0:18:09]} 26. Bxc3
{[%clk 0:16:59]} cxb5 {[%clk 0:17:57]} 27. axb5 {[%clk 0:17:10]} Nd7
{[%clk 0:15:27]} 28. Bb4 {[%clk 0:16:56]} f6 {[%clk 0:15:22]} 29. Ke2
{[%clk 0:15:48]} Kf7 {[%clk 0:15:33]} 30. Kd3 {[%clk 0:15:17]} Ke6
{[%clk 0:12:37]} 31. Be2 {[%clk 0:15:01]} Bc8 {[%clk 0:11:39]} 32. f3
{[%clk 0:14:37]} Bb7 {[%clk 0:08:14]} 1/2-1/2

[Event "B"]
[Site "?"]
[Date "2017.08.05"]
[Round "6.2"]
[White "Businski, Karol"]
[Black "Retz, Adrian"]
[Result "0-1"]
[BlackElo "1231"]
[WhiteElo "1401"]
[LiveChessVersion "1.4.8"]

1. e4 {[%clk 1:00:57]} c5 {[%clk 1:00:52]} 2. Nf3 {[%clk 1:01:19]} e6
{[%clk 1:01:10]} 3. d4 {[%clk 1:01:20]} cxd4 {[%clk 1:01:35]} 4. Nxd4
{[%clk 1:01:41]} a6 {[%clk 1:01:59]} 5. Nc3 {[%clk 0:56:42]} d6 {[%clk 1:02:10]}
6. Be3 {[%clk 0:55:51]} Nf6 {[%clk 1:01:52]} 7. Be2 {[%clk 0:56:18]} Be7
{[%clk 1:00:46]} 8. Qd2 {[%clk 0:56:42]} O-O {[%clk 0:59:36]} 9. f4
{[%clk 0:56:55]} Qc7 {[%clk 0:59:03]} 10. Nf3 {[%clk 0:56:46]} Nbd7
{[%clk 0:53:56]} 11. O-O {[%clk 0:50:44]} b6 {[%clk 0:49:10]} 12. Bd4
{[%clk 0:43:31]} Bb7 {[%clk 0:31:40]} 13. e5 {[%clk 0:38:09]} Ng4
{[%clk 0:27:15]} 14. h3 {[%clk 0:38:36]} dxe5 {[%clk 0:25:59]} 15. hxg4 exd4 16.
Nd1 {[%clk 0:31:24]} Rad8 {[%clk 0:20:50]} 17. c3 {[%clk 0:30:09]} dxc3
{[%clk 0:20:47]} 18. Qxc3 {[%clk 0:23:37]} Bc5+ {[%clk 0:16:45]} 19. Kh1
{[%clk 0:21:58]} Qxf4 {[%clk 0:16:21]} 20. Ng1 {[%clk 0:19:13]} Qh6+
{[%clk 0:15:06]} 21. Nh3 {[%clk 0:19:40]} Bd4 {[%clk 0:09:56]} 22. g5
{[%clk 0:18:11]} Qh4 {[%clk 0:08:33]} 23. Rf4 {[%clk 0:18:38]} Qxf4
{[%clk 0:07:26]} 24. Nxf4 {[%clk 0:19:06]} Bxc3 {[%clk 0:07:47]} 25. Nxc3
{[%clk 0:19:29]} Nc5 {[%clk 0:08:03]} 26. b4 {[%clk 0:19:37]} Ne4
{[%clk 0:06:35]} 27. Nxe4 {[%clk 0:18:19]} Bxe4 {[%clk 0:07:01]} 28. Bxa6
{[%clk 0:17:08]} Rd2 {[%clk 0:07:01]} 29. Ne2 {[%clk 0:15:20]} Ra8
{[%clk 0:06:40]} 30. Bc4 {[%clk 0:13:02]} Bd3 {[%clk 0:06:25]} 31. Bxd3
{[%clk 0:13:17]} Rxd3 {[%clk 0:06:50]} 32. Rc1 {[%clk 0:11:36]} Rda3
{[%clk 0:06:36]} 33. Rc6 {[%clk 0:10:41]} Rxa2 {[%clk 0:05:45]} 34. Nc3
{[%clk 0:11:09]} Rc2 {[%clk 0:05:39]} 35. b5 {[%clk 0:11:38]} Kf8
{[%clk 0:05:13]} 36. Rc7 {[%clk 0:10:51]} Ke8 {[%clk 0:04:04]} 37. Kh2
{[%clk 0:11:20]} Kd8 {[%clk 0:04:21]} 38. Rxf7 {[%clk 0:11:47]} Rxc3
{[%clk 0:03:21]} 39. Rf8+ {[%clk 0:12:15]} Ke7 {[%clk 0:02:55]} 40. Rxa8
{[%clk 0:12:44]} Rc5 {[%clk 0:03:17]} 41. Ra7+ {[%clk 0:13:06]} Kf8
{[%clk 0:03:41]} 42. Ra8+ {[%clk 0:13:34]} Kf7 {[%clk 0:04:06]} 43. Ra7+
{[%clk 0:13:47]} Kg6 {[%clk 0:04:32]} 44. Re7 {[%clk 0:14:09]} Rxb5
{[%clk 0:04:47]} 45. Rxe6+ {[%clk 0:14:37]} Kxg5 {[%clk 0:05:08]} 46. Re7
{[%clk 0:14:59]} Kf6 {[%clk 0:05:31]} 47. Rc7 {[%clk 0:15:23]} Re5
{[%clk 0:04:20]} 48. Rc6+ {[%clk 0:15:49]} Re6 {[%clk 0:04:46]} 49. Rc7
{[%clk 0:15:59]} b5 {[%clk 0:04:24]} 50. Rb7 {[%clk 0:16:27]} Re5
{[%clk 0:04:40]} 51. Rb6+ {[%clk 0:16:52]} Kg5 {[%clk 0:04:30]} 52. Rb7
{[%clk 0:17:21]} Kh6 {[%clk 0:03:10]} 53. Rb6+ {[%clk 0:17:49]} g6
{[%clk 0:03:29]} 54. Kh3 {[%clk 0:14:11]} Kg5 {[%clk 0:03:25]} 55. Rb7
{[%clk 0:12:58]} Kf4 {[%clk 0:03:07]} 56. Rf7+ {[%clk 0:06:27]} Ke4
{[%clk 0:03:10]} 57. Kg4 {[%clk 0:05:32]} h5+ {[%clk 0:02:19]} 58. Kg3
{[%clk 0:05:31]} Rg5+ {[%clk 0:02:28]} 59. Kh2 {[%clk 0:05:58]} Kd3
{[%clk 0:02:34]} 60. Rc7 {[%clk 0:06:04]} b4 {[%clk 0:02:54]} 0-1

[Event "B"]
[Site "?"]
[Date "2017.08.05"]
[Round "6.3"]
[White "Sawicki, Wojciech"]
[Black "Homza, Dominik"]
[Result "1/2-1/2"]
[BlackElo "1171"]
[WhiteElo "1249"]
[LiveChessVersion "1.4.8"]

1. d4 {[%clk 1:00:55]} e6 {[%clk 1:00:35]} 2. c4 {[%clk 1:01:16]} f5
{[%clk 1:00:38]} 3. Nf3 {[%clk 1:01:19]} Nf6 {[%clk 1:00:39]} 4. g3
{[%clk 1:01:32]} Be7 {[%clk 1:00:10]} 5. Bg2 {[%clk 1:01:41]} O-O
{[%clk 0:58:00]} 6. O-O {[%clk 1:01:47]} Ne4 {[%clk 0:55:09]} 7. Nc3
{[%clk 1:01:48]} Bf6 {[%clk 0:52:57]} 8. Nxe4 {[%clk 1:01:01]} fxe4
{[%clk 0:53:09]} 9. Nd2 {[%clk 0:58:59]} d5 {[%clk 0:50:37]} 10. cxd5
{[%clk 0:57:52]} exd5 {[%clk 0:50:18]} 11. Qb3 {[%clk 0:55:13]} Kh8
{[%clk 0:49:21]} 12. Qc3 {[%clk 0:54:45]} c6 {[%clk 0:49:15]} 13. Nb3
{[%clk 0:54:57]} Nd7 {[%clk 0:48:36]} 14. Bf4 {[%clk 0:53:49]} Nb6
{[%clk 0:47:54]} 15. a4 {[%clk 0:53:06]} Qe8 {[%clk 0:46:15]} 16. Nd2
{[%clk 0:50:27]} Qh5 {[%clk 0:42:49]} 17. Rfe1 {[%clk 0:47:44]} Bg4
{[%clk 0:39:22]} 18. Bf1 {[%clk 0:44:26]} Nc8 {[%clk 0:38:31]} 19. f3
{[%clk 0:42:53]} exf3 {[%clk 0:38:14]} 20. exf3 {[%clk 0:43:04]} Bd7
{[%clk 0:38:21]} 21. Qb4 {[%clk 0:41:49]} Qf7 {[%clk 0:37:45]} 22. Be5
{[%clk 0:39:58]} Bxe5 {[%clk 0:35:58]} 23. dxe5 {[%clk 0:40:03]} Be6
{[%clk 0:35:53]} 24. f4 {[%clk 0:37:55]} Qe7 {[%clk 0:35:21]} 25. Qxe7
{[%clk 0:37:42]} Nxe7 {[%clk 0:35:22]} 26. Nf3 {[%clk 0:37:07]} Rae8
{[%clk 0:33:30]} 27. Nd4 {[%clk 0:36:40]} Nf5 {[%clk 0:32:19]} 28. Nxe6
{[%clk 0:36:39]} Rxe6 {[%clk 0:32:39]} 29. Bh3 {[%clk 0:37:02]} Ree8
{[%clk 0:33:00]} 30. Bxf5 {[%clk 0:37:17]} Rxf5 {[%clk 0:33:15]} 31. b4
{[%clk 0:36:46]} a6 {[%clk 0:32:38]} 32. Re2 {[%clk 0:36:28]} g5 {[%clk 0:32:49]}
33. Rf1 {[%clk 0:36:31]} gxf4 {[%clk 0:32:51]} 34. gxf4 {[%clk 0:35:57]} Kg7
{[%clk 0:32:24]} 35. Rg2+ {[%clk 0:35:32]} Kf7 {[%clk 0:32:28]} 36. Rg4
{[%clk 0:35:24]} Rf8 {[%clk 0:29:59]} 37. Kg2 {[%clk 0:35:17]} h5
{[%clk 0:28:26]} 38. Rg3 {[%clk 0:35:02]} Ke6 {[%clk 0:27:05]} 39. Rgf3
{[%clk 0:34:44]} Kf7 {[%clk 0:25:28]} 40. R1f2 {[%clk 0:34:35]} Ke6
{[%clk 0:25:55]} 41. h4 {[%clk 0:34:16]} Ke7 {[%clk 0:25:15]} 42. Rf1
{[%clk 0:34:29]} 1/2-1/2

[Event "B"]
[Site "?"]
[Date "2017.08.05"]
[Round "7.1"]
[White "Sivickis, Wiktoria"]
[Black "Tomicki, Marek"]
[Result "1/2-1/2"]
[BlackElo "1649"]
[WhiteElo "1456"]
[LiveChessVersion "1.4.8"]

1. d4 {[%clk 1:00:57]} e6 {[%clk 1:00:49]} 2. Bf4 {[%clk 1:01:18]} d6
{[%clk 1:00:35]} 3. Nf3 {[%clk 1:01:37]} Nf6 {[%clk 1:00:47]} 4. e3
{[%clk 1:02:01]} Be7 {[%clk 1:00:58]} 5. Bd3 {[%clk 1:02:23]} b6 {[%clk 1:00:14]}
6. h3 {[%clk 1:02:35]} Bb7 {[%clk 0:59:36]} 7. Nbd2 {[%clk 1:02:47]} Nbd7
{[%clk 0:59:39]} 8. c3 {[%clk 1:02:54]} c5 {[%clk 0:59:01]} 9. Nc4
{[%clk 0:59:45]} d5 {[%clk 0:52:35]} 10. Nce5 {[%clk 0:59:21]} O-O
{[%clk 0:50:27]} 11. O-O {[%clk 0:59:28]} c4 {[%clk 0:50:03]} 12. Bc2
{[%clk 0:59:31]} b5 {[%clk 0:48:48]} 13. Ng5 {[%clk 0:55:56]} h6 {[%clk 0:37:23]}
14. Ngxf7 {[%clk 0:49:54]} Rxf7 {[%clk 0:37:35]} 15. Nxf7 {[%clk 0:50:09]} Kxf7
{[%clk 0:37:57]} 16. g4 {[%clk 0:49:42]} g5 {[%clk 0:36:09]} 17. Be5
{[%clk 0:49:24]} Nxe5 {[%clk 0:35:19]} 18. dxe5 {[%clk 0:49:27]} Ne4
{[%clk 0:33:14]} 19. f4 {[%clk 0:40:16]} Ke8 {[%clk 0:27:55]} 20. f5
{[%clk 0:39:40]} Bc5 {[%clk 0:24:59]} 21. Qe1 {[%clk 0:34:03]} Qb6
{[%clk 0:20:55]} 22. Rf3 {[%clk 0:31:26]} d4 {[%clk 0:20:36]} 23. cxd4
{[%clk 0:28:24]} Bxd4 {[%clk 0:20:45]} 24. exd4 {[%clk 0:27:35]} Qxd4+
{[%clk 0:21:05]} 25. Re3 {[%clk 0:25:44]} Nd2 {[%clk 0:19:23]} 26. Qf2
{[%clk 0:21:03]} Qd5 {[%clk 0:16:16]} 27. Kh2 {[%clk 0:16:58]} Nf3+
{[%clk 0:15:47]} 28. Rxf3 {[%clk 0:14:23]} Qxf3 {[%clk 0:16:09]} 29. Qxf3
{[%clk 0:14:49]} Bxf3 {[%clk 0:16:30]} 30. Rf1 {[%clk 0:15:04]} Rd8
{[%clk 0:14:50]} 31. Rf2 {[%clk 0:14:17]} Bd5 {[%clk 0:11:22]} 32. Kg3 Kf7 33. f6
Ke8 1/2-1/2

[Event "B"]
[Site "?"]
[Date "2017.08.05"]
[Round "7.2"]
[White "Olkuski, Tadeusz"]
[Black "Businski, Karol"]
[Result "1/2-1/2"]
[BlackElo "1401"]
[WhiteElo "1346"]
[LiveChessVersion "1.4.8"]

1. e4 {[%clk 1:00:59]} e5 {[%clk 1:00:59]} 2. Nf3 {[%clk 1:01:23]} Nc6
{[%clk 1:01:28]} 3. Bb5 {[%clk 1:01:43]} f5 {[%clk 0:59:08]} 4. d3
{[%clk 0:57:33]} Nf6 {[%clk 0:56:33]} 5. Nc3 {[%clk 0:54:05]} d6 {[%clk 0:52:36]}
6. Qe2 {[%clk 0:50:02]} a6 {[%clk 0:52:27]} 7. Ba4 {[%clk 0:49:48]} b5
{[%clk 0:52:54]} 8. Bb3 {[%clk 0:50:07]} Na5 {[%clk 0:53:19]} 9. Bd2
{[%clk 0:43:37]} Nxb3 {[%clk 0:53:46]} 10. axb3 {[%clk 0:43:52]} Be7
{[%clk 0:51:17]} 11. exf5 {[%clk 0:38:27]} Bxf5 {[%clk 0:51:18]} 12. h3
{[%clk 0:38:29]} c5 {[%clk 0:47:18]} 13. Ne4 {[%clk 0:36:25]} Nxe4
{[%clk 0:45:43]} 14. dxe4 {[%clk 0:36:48]} Be6 {[%clk 0:46:09]} 15. Be3
{[%clk 0:31:27]} O-O {[%clk 0:46:10]} 16. O-O {[%clk 0:30:00]} Qc8
{[%clk 0:41:33]} 17. Kh2 {[%clk 0:29:00]} d5 {[%clk 0:38:53]} 18. exd5
{[%clk 0:27:13]} Bxd5 {[%clk 0:38:58]} 19. Nxe5 {[%clk 0:22:18]} Qf5
{[%clk 0:27:09]} 20. Nf3 {[%clk 0:17:47]} c4 {[%clk 0:20:38]} 21. Nd4
{[%clk 0:13:53]} Qe4 {[%clk 0:15:00]} 22. Qg4 {[%clk 0:10:09]} Qe5+
{[%clk 0:09:38]} 23. Qg3 {[%clk 0:08:01]} Bd6 {[%clk 0:08:48]} 24. Qxe5
{[%clk 0:08:21]} Bxe5+ {[%clk 0:08:53]} 25. Kg1 {[%clk 0:08:11]} cxb3
{[%clk 0:08:46]} 26. cxb3 {[%clk 0:06:37]} Bxd4 {[%clk 0:09:04]} 27. Bxd4
{[%clk 0:06:59]} Bxb3 {[%clk 0:09:08]} 28. Ra3 {[%clk 0:06:55]} Rfd8
{[%clk 0:08:06]} 29. Bc3 {[%clk 0:04:39]} Bc4 {[%clk 0:08:08]} 30. Re1
{[%clk 0:04:59]} Kf7 {[%clk 0:08:08]} 31. f3 {[%clk 0:04:57]} Rd7
{[%clk 0:06:38]} 32. Ra5 {[%clk 0:04:32]} g6 {[%clk 0:06:13]} 33. Kf2
{[%clk 0:04:40]} Rd6 {[%clk 0:05:47]} 1/2-1/2

[Event "B"]
[Site "?"]
[Date "2017.08.05"]
[Round "7.3"]
[White "Retz, Adrian"]
[Black "Sawicki, Wojciech"]
[Result "1/2-1/2"]
[BlackElo "1249"]
[WhiteElo "1231"]
[LiveChessVersion "1.4.8"]

1. e4 {[%clk 1:00:54]} e6 {[%clk 1:00:57]} 2. d4 {[%clk 1:01:08]} d5
{[%clk 1:01:20]} 3. e5 {[%clk 1:01:26]} c5 {[%clk 1:01:44]} 4. Qg4
{[%clk 1:01:45]} cxd4 {[%clk 1:00:36]} 5. Bd3 {[%clk 1:01:46]} Nc6
{[%clk 1:00:11]} 6. Nf3 {[%clk 1:02:06]} Qc7 {[%clk 0:59:15]} 7. Qg3
{[%clk 1:02:14]} Nge7 {[%clk 0:58:32]} 8. O-O {[%clk 1:02:31]} Ng6
{[%clk 0:58:39]} 9. Re1 {[%clk 1:02:49]} Bb4 {[%clk 0:58:32]} 10. Re2
{[%clk 1:01:50]} Bd7 {[%clk 0:57:26]} 11. a3 {[%clk 0:58:38]} Bc5
{[%clk 0:57:24]} 12. Nbd2 {[%clk 0:57:42]} O-O-O {[%clk 0:57:06]} 13. b4
{[%clk 0:57:00]} Bb6 {[%clk 0:57:16]} 14. Nb3 {[%clk 0:56:21]} Rdg8
{[%clk 0:54:39]} 15. Bb2 {[%clk 0:44:30]} f6 {[%clk 0:54:22]} 16. Bxg6
{[%clk 0:30:16]} hxg6 {[%clk 0:54:06]} 17. Nbxd4 {[%clk 0:29:20]} Qb8
{[%clk 0:52:30]} 18. Nb5 {[%clk 0:20:37]} Nxe5 {[%clk 0:51:59]} 19. Bxe5
{[%clk 0:17:44]} fxe5 {[%clk 0:50:57]} 20. Nc3 {[%clk 0:14:38]} Bc7
{[%clk 0:49:44]} 21. Nxe5 {[%clk 0:09:30]} Bxe5 {[%clk 0:49:03]} 22. Rxe5
{[%clk 0:09:26]} Rh5 {[%clk 0:48:09]} 23. Rae1 {[%clk 0:08:49]} Rf8
{[%clk 0:46:19]} 24. f4 {[%clk 0:07:52]} Rh6 {[%clk 0:43:21]} 25. Qg4
{[%clk 0:06:42]} Qd6 {[%clk 0:41:53]} 26. Rd1 {[%clk 0:04:06]} Rf5
{[%clk 0:40:01]} 27. Rde1 {[%clk 0:03:10]} Qc6 {[%clk 0:38:01]} 28. Rxf5
{[%clk 0:02:54]} exf5 {[%clk 0:37:24]} 29. Qf3 {[%clk 0:03:12]} Qb6+
{[%clk 0:31:26]} 30. Kf1 {[%clk 0:03:09]} Bb5+ {[%clk 0:30:20]} 31. Nxb5
{[%clk 0:03:36]} Qxb5+ {[%clk 0:30:30]} 32. Kg1 {[%clk 0:04:01]} Rh8
{[%clk 0:30:15]} 33. Qc3+ {[%clk 0:04:16]} Qc4 {[%clk 0:25:52]} 34. Qxc4+
{[%clk 0:02:58]} dxc4 {[%clk 0:25:45]} 35. Re7 {[%clk 0:02:37]} Rh7
{[%clk 0:23:58]} 36. h3 {[%clk 0:02:35]} a6 37. Kf2 {[%clk 0:02:55]} Kb8
{[%clk 0:22:43]} 38. Re5 {[%clk 0:02:38]} Rh6 {[%clk 0:20:14]} 39. Ke3
{[%clk 0:02:33]} Rh8 {[%clk 0:19:01]} 40. Re7 {[%clk 0:02:21]} Rh7
{[%clk 0:18:28]} 41. Kd4 {[%clk 0:02:43]} Rh4 {[%clk 0:18:35]} 42. Ke3
{[%clk 0:02:37]} Rh7 {[%clk 0:18:47]} 43. Kf3 {[%clk 0:02:24]} Ka8
{[%clk 0:18:40]} 44. Rc7 {[%clk 0:01:49]} Kb8 {[%clk 0:18:18]} 45. Rxc4
{[%clk 0:02:07]} Rh8 {[%clk 0:18:35]} 46. Rd4 {[%clk 0:02:30]} Kc7
{[%clk 0:18:53]} 47. c4 {[%clk 0:02:40]} Re8 {[%clk 0:18:55]} 48. c5
{[%clk 0:02:55]} Re6 {[%clk 0:19:08]} 49. Rd3 {[%clk 0:03:05]} Kc8
{[%clk 0:18:29]} 50. g4 {[%clk 0:03:11]} Kc7 {[%clk 0:18:33]} 51. Re3
{[%clk 0:03:02]} Kd7 {[%clk 0:17:14]} 52. Re5 {[%clk 0:03:02]} Rxe5
{[%clk 0:16:25]} 53. fxe5 {[%clk 0:03:28]} Ke6 {[%clk 0:16:14]} 54. Kf4
{[%clk 0:03:47]} g5+ {[%clk 0:15:07]} 55. Kxg5 {[%clk 0:04:08]} g6
{[%clk 0:15:17]} 56. Kxg6 {[%clk 0:04:20]} f4 {[%clk 0:15:34]} 57. Kh6 f3 58. g5
f2 59. g6 1/2-1/2